[Event "FRA-ch op-C"]
[Site "L'Alpe d'Huez"]
[Date "2023.08.22"]
[Round "4"]
[White "Thillerot, Anthony"]
[Black "Greissler, Raphael"]
[Result "0-1"]
[WhiteElo "1638"]
[BlackElo "1667"]
[PlyCount "118"]
[EventDate "2023.08.19"]
[EventType "swiss"]
[EventRounds "9"]
[EventCountry "FRA"]
[SourceTitle "EXT 2024"]
[Source "ChessBase"]
[SourceDate "2023.10.10"]
[SourceVersion "1"]
[SourceVersionDate "2023.10.10"]
[SourceQuality "1"]

1. Nf3 d5 2. c4 e6 3. b3 c5 4. Bb2 d4 5. e3 Nc6 6. exd4 cxd4 7. Bd3 Bc5 8. a3 a5 9. 0-0 Nf6 10. Re1 0-0 11. Qe2 e5 12. Ng5 Bg4 13. f3 Nh5 14. Ne4 Nf4 15. Qf1 Nxd3 16. Qxd3 Bf5 17. Qf1 Bxe4 18. fxe4 f5 19. exf5 Qg5 20. Qf3 Qxf5 21. Qxf5 d3+ 22. Kh1 Rxf5 23. Nc3 Nd4 24. Ne4 Nxb3 25. Nxc5 Nxc5 26. Bxe5 Re8 27. Bc3 Re2 28. Kg1 Rff2 29. Rxe2 Rxe2 30. Rd1 a4 31. Kf1 Ne4 32. Bb4 Kf7 33. Re1 Nxd2+ 34. Bxd2 Rxd2 35. Re4 Ra2 36. Rd4 Rxa3 37. Kf2 Rb3 38. c5 a3 39. Ke3 Ke6 40. Kd2 Ke5 41. Rd8 Ke4 42. g4 Rb2+ 43. Kc3 d2 44. h4 Kf4 45. Rd4+ Kg3 46. g5 g6 47. Rd7 Kxh4 48. Rxh7+ Kxg5 49. Rh1 Kf5 50. Rf1+ Ke4 51. Rg1 Ke3 52. Rh1 g5 53. Rh3+ Kf2 54. Rd3 g4 55. Rd7 g3 56. Rd8 g2 57. Rf8+ Ke3 58. Re8+ Kf4 59. Rf8+ Ke5 0-1